[Event "FRA-ch Open A-D 2018"]
[Site "Nimes"]
[Date "2018.08.19"]
[Round "2"]
[White "Girardon, Jerome"]
[Black "Guazzelli, Jean-Baptiste"]
[Result "1-0"]
[WhiteElo "2186"]
[BlackElo "2090"]
[Annotator "NA"]
[PlyCount "61"]
[EventDate "2018.08.18"]
[EventType "tourn"]
[EventCountry "FRA"]
[SourceTitle "playchess.com"]
[Source "ChessBase"]
[SourceQuality "1"]
[TimeControl "40/5400+30:1800+30"]

1. e4 {[%emt 0:00:00]} c5 {[%emt 0:00:00]} 2. Nf3 {[%emt 0:00:13]} g6 {[%emt 0:00:00]} 3. d4 {[%emt 0:10:11]} cxd4 {[%emt 0:00:00]} 4. Nxd4 {[%emt 0:00:14]} Bg7 {[%emt 0:00:26]} 5. Nb3 {[%emt 0:00:09]} Nc6 {[%emt 0:01:36]} 6. Be2 {[%emt 0:02:31]} Nf6 {[%emt 0:01:27]} 7. Nc3 {[%emt 0:00:08]} O-O {[%emt 0:00:56]} 8. g4 {[%emt 0:00:18]} d6 {[%emt 0:05:14]} 9. g5 {[%emt 0:02:18]} Ne8 {[%emt 0:02:39]} 10. Be3 {[%emt 0:04:57]} Be6 {[%emt 0:01:44]} 11. h4 {[%emt 0:11:07]} Nc7 {[%emt 0:07:55]} 12. f4 {[%emt 0:09:08]} d5 {[%emt 0:05:46]} 13. e5 {[%emt 0:00:19]} b6 {[%emt 0:12:38]} 14. h5 {[%emt 0:10:45]} Qd7 {[%emt 0:02:17]} 15. Qd2 {[%emt 0:05:33]} Rab8 {[%emt 0:10:58]} 16. O-O-O {[%emt 0:00:35]} a5 {[%emt 0:01:34]} 17. hxg6 {[%emt 0:06:58]} hxg6 {[%emt 0:02:15]} 18. Nb5 {[%emt 0:00:38]} a4 {[%emt 0:11:45]} 19. N3d4 {[%emt 0:00:44]} Nxd4 {[%emt 0:02:09]} 20. Nxd4 {[%emt 0:01:40]} b5 {[%emt 0:01:55]} 21. Bd3 {[%emt 0:00:32]} Rfc8 {[%emt 0:03:24]} 22. Qh2 {[%emt 0:01:37]} b4 {[%emt 0:12:04]} 23. f5 {[%emt 0:01:22]} gxf5 {[%emt 0:00:39]} 24. g6 {[%emt 0:02:31]} fxg6 {[%emt 0:10:59]} 25. Qh7+ {[%emt 0:00:43]} Kf8 {[%emt 0:00:06]} 26. Bh6 {[%emt 0:00:25]} Ne8 {[%emt 0:00:29]} 27. Qxg6 {[%emt 0:01:57]} Bg8 {[%emt 0:02:03]} 28. e6 {[%emt 0:00:54]} Qc7 {[%emt 0:00:30]} 29. Bxg7+ {[%emt 0:00:16]} Nxg7 {[%emt 0:00:01]} 30. Rh8 {[%emt 0:00:22]} Qf4+ {[%emt 0:00:50]} 31. Kb1 {[%emt 0:00:08]} 1-0

[Event "FRA-ch Open A-D 2018"]
[Site "Nimes"]
[Date "2018.08.19"]
[Round "2"]
[White "Daurelle, Herve"]
[Black "Defromont, Benjamin"]
[Result "1-0"]
[WhiteElo "2181"]
[BlackElo "2080"]
[Annotator "NA"]
[PlyCount "105"]
[EventDate "2018.08.18"]
[EventType "tourn"]
[EventCountry "FRA"]
[SourceTitle "playchess.com"]
[Source "ChessBase"]
[SourceQuality "1"]
[TimeControl "40/5400+30:1800+30"]

1. e4 {[%emt 0:00:00]} e6 {[%emt 0:00:04]} 2. d4 {[%emt 0:00:00]} d5 {[%emt 0:00:50]} 3. Nd2 {[%emt 0:00:00]} Nc6 {[%emt 0:01:47]} 4. Ngf3 {[%emt 0:00:26]} Nf6 {[%emt 0:01:37]} 5. e5 {[%emt 0:00:17]} Nd7 {[%emt 0:00:40]} 6. Nb3 {[%emt 0:00:12]} a5 {[%emt 0:01:28]} 7. a4 {[%emt 0:00:13]} Be7 {[%emt 0:01:21]} 8. h4 {[%emt 0:07:01]} h6 {[%emt 0:22:30]} 9. Bf4 {[%emt 0:05:06]} b6 {[%emt 0:05:35]} 10. g4 {[%emt 0:13:59]} Nf8 {[%emt 0:09:12]} 11. Qd2 {[%emt 0:12:30]} Nb4 {[%emt 0:10:52]} 12. c3 {[%emt 0:04:45]} Ba6 {[%emt 0:00:28]} 13. Bxa6 {[%emt 0:07:56]} Nxa6 {[%emt 0:00:42]} 14. Kf1 {[%emt 0:06:12]} c5 {[%emt 0:05:49]} 15. Kg2 {[%emt 0:00:24]} c4 {[%emt 0:05:34]} 16. Nc1 {[%emt 0:00:06]} h5 {[%emt 0:05:56]} 17. g5 {[%emt 0:01:23]} Ng6 {[%emt 0:07:53]} 18. Ne2 {[%emt 0:01:08]} Qd7 {[%emt 0:01:17]} 19. Rhb1 {[%emt 0:04:30]} Bd8 {[%emt 0:04:53]} 20. b4 {[%emt 0:02:25]} cxb3 {[%emt 0:00:41]} 21. Rxb3 {[%emt 0:00:09]} Rc8 {[%emt 0:01:00]} 22. Qd3 {[%emt 0:03:13]} Nb8 {[%emt 0:04:33]} 23. Bc1 {[%emt 0:02:04]} Ne7 {[%emt 0:02:09]} 24. Rb5 {[%emt 0:04:58]} g6 {[%emt 0:01:41]} 25. Ba3 {[%emt 0:00:28]} Kf8 {[%emt 0:01:40]} 26. Bxe7+ {[%emt 0:06:58]} Qxe7 {[%emt 0:00:07]} 27. Nd2 {[%emt 0:01:31]} Qd7 {[%emt 0:00:45]} 28. f4 {[%emt 0:05:11]} Kg7 {[%emt 0:00:26]} 29. Qf3 {[%emt 0:01:00]} Bc7 {[%emt 0:01:54]} 30. f5 {[%emt 0:02:38]} exf5 {[%emt 0:00:07]} 31. Nf4 {[%emt 0:00:01]} Qc6 {[%emt 0:01:16]} 32. Nxd5 {[%emt 0:01:05]} Bd8 {[%emt 0:00:23]} 33. c4 {[%emt 0:01:46]} Re8 {[%emt 0:00:21]} 34. Rab1 {[%emt 0:00:54]} Nd7 {[%emt 0:00:36]} 35. Kg1 {[%emt 0:02:14]} Nf8 {[%emt 0:00:37]} 36. Nf6 {[%emt 0:00:26]} Bxf6 {[%emt 0:00:24]} 37. gxf6+ {[%emt 0:00:33]} Kg8 {[%emt 0:00:30]} 38. Qxc6 {[%emt 0:01:08]} Rxc6 {[%emt 0:00:01]} 39. Rxb6 {[%emt 0:00:11]} Rxb6 {[%emt 0:00:27]} 40. Rxb6 {[%emt 0:00:02]} Ne6 {[%emt 0:00:13]} 41. Nf3 {[%emt 0:33:20]} Rc8 {[%emt 0:08:00]} 42. d5 {[%emt 0:00:00]} Nf4 {[%emt 0:02:46]} 43. e6 {[%emt 0:00:00]} fxe6 {[%emt 0:00:48]} 44. dxe6 {[%emt 0:00:00]} Nxe6 {[%emt 0:00:47]} 45. Rxe6 {[%emt 0:00:00]} Rxc4 {[%emt 0:00:08]} 46. Re8+ {[%emt 0:00:00]} Kf7 {[%emt 0:00:39]} 47. Ne5+ {[%emt 0:00:00]} Kxe8 {[%emt 0:00:05]} 48. Nxc4 {[%emt 0:00:00]} Kf7 {[%emt 0:00:02]} 49. Nxa5 {[%emt 0:00:00]} Kxf6 {[%emt 0:00:10]} 50. Nc4 {[%emt 0:00:00]} Ke6 {[%emt 0:02:05]} 51. a5 {[%emt 0:00:00]} Kd7 {[%emt 0:00:20]} 52. Ne5+ {[%emt 0:00:00]} Kc8 {[%emt 0:00:16]} 53. Nxg6 {[%emt 0:00:00]} 1-0

[Event "FRA-ch Open A-D 2018"]
[Site "Nimes"]
[Date "2018.08.19"]
[Round "2"]
[White "Deveque, Guillaume"]
[Black "Giacomini, Hector"]
[Result "0-1"]
[WhiteElo "2087"]
[BlackElo "2196"]
[Annotator "NA"]
[PlyCount "81"]
[EventDate "2018.08.18"]
[EventType "tourn"]
[EventCountry "FRA"]
[SourceTitle "playchess.com"]
[Source "ChessBase"]
[SourceQuality "1"]
[TimeControl "40/5400+30:1800+30"]

1. Nf3 {[%emt 0:00:00]} d5 {[%emt 0:00:00]} 2. c4 {[%emt 0:00:00]} e6 {[%emt 0:00:00]} 3. d4 {[%emt 0:01:02]} Nf6 {[%emt 0:00:01]} 4. Bg5 {[%emt 0:03:35]} Be7 {[%emt 0:00:16]} 5. Nc3 {[%emt 0:00:33]} O-O {[%emt 0:00:19]} 6. e3 {[%emt 0:03:34]} Nbd7 {[%emt 0:00:27]} 7. cxd5 {[%emt 0:00:29]} exd5 {[%emt 0:00:08]} 8. Rc1 {[%emt 0:01:32]} c6 {[%emt 0:00:47]} 9. Bd3 {[%emt 0:00:27]} Re8 {[%emt 0:00:22]} 10. Bb1 {[%emt 0:09:12]} Nf8 {[%emt 0:00:57]} 11. Ne5 {[%emt 0:02:08]} N6d7 {[%emt 0:03:14]} 12. Bf4 {[%emt 0:03:41]} Nxe5 {[%emt 0:03:14]} 13. Bxe5 {[%emt 0:02:17]} Bd6 {[%emt 0:01:20]} 14. Bxd6 {[%emt 0:05:06]} Qxd6 {[%emt 0:00:05]} 15. O-O {[%emt 0:00:05]} Bd7 {[%emt 0:04:27]} 16. Qc2 {[%emt 0:14:40]} Re7 {[%emt 0:09:48]} 17. Rfe1 {[%emt 0:23:49]} Rae8 {[%emt 0:03:31]} 18. Qa4 {[%emt 0:00:03]} a6 {[%emt 0:01:30]} 19. Qa5 {[%emt 0:00:12]} f5 {[%emt 0:07:07]} 20. Qc5 {[%emt 0:05:18]} Qf6 {[%emt 0:05:57]} 21. a4 {[%emt 0:04:19]} f4 {[%emt 0:14:34]} 22. e4 {[%emt 0:01:14]} Ne6 {[%emt 0:00:16]} 23. Qd6 {[%emt 0:09:34]} Nxd4 {[%emt 0:01:49]} 24. Qxf6 {[%emt 0:00:17]} gxf6 {[%emt 0:00:05]} 25. Rcd1 {[%emt 0:06:53]} Nf5 {[%emt 0:03:20]} 26. Kf1 {[%emt 0:01:15]} f3 {[%emt 0:04:56]} 27. gxf3 {[%emt 0:00:37]} Nh4 {[%emt 0:00:35]} 28. Re3 {[%emt 0:01:13]} Bh3+ {[%emt 0:01:42]} 29. Ke2 {[%emt 0:00:02]} Ng2 {[%emt 0:00:44]} 30. Rg1 {[%emt 0:00:02]} Kf8 {[%emt 0:00:10]} 31. Rxg2 {[%emt 0:00:44]} Bxg2 {[%emt 0:00:12]} 32. exd5 {[%emt 0:01:03]} Bh3 {[%emt 0:01:09]} 33. dxc6 {[%emt 0:00:55]} bxc6 {[%emt 0:00:06]} 34. Ne4 {[%emt 0:00:15]} Bf5 {[%emt 0:02:11]} 35. Bd3 {[%emt 0:00:28]} Bxe4 {[%emt 0:00:26]} 36. fxe4 {[%emt 0:00:05]} Rb8 {[%emt 0:01:33]} 37. Bxa6 {[%emt 0:00:58]} Rxb2+ {[%emt 0:00:07]} 38. Kf3 {[%emt 0:00:19]} Ra7 {[%emt 0:00:18]} 39. Bf1 {[%emt 0:00:58]} Rxa4 {[%emt 0:00:16]} 40. Rc3 {[%emt 0:00:04]} Raa2 41. Rc1 0-1

[Event "FRA-ch Open A-D 2018"]
[Site "Nimes"]
[Date "2018.08.19"]
[Round "2"]
[White "Figier, Anthony"]
[Black "Vedovotto, Nicolas"]
[Result "1/2-1/2"]
[WhiteElo "2082"]
[BlackElo "2186"]
[Annotator "NA"]
[PlyCount "115"]
[EventDate "2018.08.18"]
[EventType "tourn"]
[EventCountry "FRA"]
[SourceTitle "playchess.com"]
[Source "ChessBase"]
[SourceQuality "1"]
[TimeControl "40/5400+30:1800+30"]

1. e4 {[%emt 0:00:06]} Nc6 {[%emt 0:00:14]} 2. d4 {[%emt 0:00:06]} e5 {[%emt 0:00:47]} 3. Nf3 {[%emt 0:00:07]} exd4 {[%emt 0:00:07]} 4. Nxd4 {[%emt 0:00:08]} Nf6 {[%emt 0:00:05]} 5. Nc3 {[%emt 0:00:42]} Bb4 {[%emt 0:00:21]} 6. Nxc6 {[%emt 0:00:06]} bxc6 {[%emt 0:00:06]} 7. Bd3 {[%emt 0:00:05]} O-O {[%emt 0:00:10]} 8. O-O {[%emt 0:00:18]} d5 {[%emt 0:00:21]} 9. exd5 {[%emt 0:00:06]} cxd5 {[%emt 0:00:06]} 10. Bg5 {[%emt 0:05:36]} c6 {[%emt 0:00:34]} 11. Qf3 {[%emt 0:00:25]} h6 {[%emt 0:17:58]} 12. Bxf6 {[%emt 0:06:22]} Qxf6 {[%emt 0:00:11]} 13. Qxf6 {[%emt 0:00:07]} gxf6 {[%emt 0:00:04]} 14. Ne2 {[%emt 0:00:17]} Rb8 {[%emt 0:11:14]} 15. b3 {[%emt 0:06:58]} c5 {[%emt 0:06:19]} 16. c4 {[%emt 0:06:00]} Ba6 {[%emt 0:03:57]} 17. Rac1 {[%emt 0:07:12]} Rfe8 {[%emt 0:06:13]} 18. Ng3 {[%emt 0:12:31]} Rbd8 {[%emt 0:10:31]} 19. Nf5 {[%emt 0:06:16]} Bd2 {[%emt 0:02:32]} 20. Rc2 {[%emt 0:00:29]} dxc4 {[%emt 0:00:27]} 21. Bxc4 {[%emt 0:02:36]} Bc8 {[%emt 0:01:52]} 22. Ng3 {[%emt 0:08:19]} Rd4 {[%emt 0:10:00]} 23. Nh5 {[%emt 0:13:39]} Re5 {[%emt 0:00:26]} 24. Rd1 {[%emt 0:09:25]} Bc3 {[%emt 0:02:43]} 25. Rdc1 {[%emt 0:01:47]} Bb4 {[%emt 0:00:41]} 26. Ng3 {[%emt 0:01:41]} h5 {[%emt 0:02:40]} 27. Bf1 {[%emt 0:05:32]} Be6 {[%emt 0:02:40]} 28. f3 {[%emt 0:01:55]} h4 {[%emt 0:04:39]} 29. Ne4 {[%emt 0:01:08]} Bf5 {[%emt 0:00:24]} 30. Nxf6+ {[%emt 0:00:06]} Kg7 {[%emt 0:00:28]} 31. Ne4 {[%emt 0:00:06]} Bxe4 {[%emt 0:01:08]} 32. fxe4 {[%emt 0:00:01]} Bd2 {[%emt 0:07:54]} 33. Rb1 {[%emt 0:03:03]} Be3+ {[%emt 0:00:16]} 34. Kh1 {[%emt 0:00:05]} Rdxe4 {[%emt 0:01:11]} 35. g3 {[%emt 0:01:40]} hxg3 {[%emt 0:00:25]} 36. hxg3 {[%emt 0:00:08]} Rg5 {[%emt 0:01:36]} 37. Rg2 {[%emt 0:01:35]} Reg4 {[%emt 0:01:54]} 38. Bc4 {[%emt 0:00:55]} f5 {[%emt 0:01:17]} 39. Be2 {[%emt 0:00:32]} Rxg3 {[%emt 0:00:24]} 40. Rxg3 {[%emt 0:00:07]} Rxg3 {[%emt 0:00:07]} 41. Kh2 {[%emt 0:31:42]} Rg6 {[%emt 0:33:23]} 42. Rd1 {[%emt 0:00:00]} Bd4 {[%emt 0:00:00]} 43. b4 {[%emt 0:00:00]} Be5+ {[%emt 0:00:00]} 44. Kh1 {[%emt 0:00:00]} cxb4 {[%emt 0:00:00]} 45. Rd7+ {[%emt 0:00:00]} Kf6 {[%emt 0:00:00]} 46. Rxa7 {[%emt 0:00:00]} Kg5 {[%emt 0:00:00]} 47. Rb7 {[%emt 0:00:00]} Kf4 {[%emt 0:00:00]} 48. Rb5 {[%emt 0:00:00]} Ke4 {[%emt 0:00:00]} 49. Bd1 {[%emt 0:00:00]} Rh6+ {[%emt 0:04:00]} 50. Kg1 {[%emt 0:00:00]} Bd4+ {[%emt 0:00:03]} 51. Kg2 {[%emt 0:00:00]} Ra6 {[%emt 0:00:30]} 52. Bb3 {[%emt 0:00:00]} Bc3 {[%emt 0:00:36]} 53. Kf2 {[%emt 0:00:53]} f4 {[%emt 0:00:11]} 54. Bd5+ {[%emt 0:01:17]} Kd4 {[%emt 0:00:41]} 55. Kf3 {[%emt 0:00:10]} Bd2 {[%emt 0:00:25]} 56. Bb3 {[%emt 0:00:35]} Kc3 {[%emt 0:00:16]} 57. Rc5+ {[%emt 0:00:15]} Kd4 {[%emt 0:00:40]} 58. Rd5+ {[%emt 0:00:22]} 1/2-1/2

[Event "FRA-ch Open A-D 2018"]
[Site "Nimes"]
[Date "2018.08.19"]
[Round "2"]
[White "Lebugle, Philippe"]
[Black "Lancelot, Renaud"]
[Result "1/2-1/2"]
[WhiteElo "1967"]
[BlackElo "1882"]
[Annotator "NA"]
[PlyCount "133"]
[EventDate "2018.08.18"]
[EventType "tourn"]
[EventCountry "FRA"]
[SourceTitle "playchess.com"]
[Source "ChessBase"]
[SourceQuality "1"]
[TimeControl "40/5400+30:1800+30"]

1. e4 {[%emt 0:00:00]} e6 {[%emt 0:00:30]} 2. d4 {[%emt 0:00:48]} d5 {[%emt 0:01:41]} 3. exd5 {[%emt 0:01:23]} exd5 {[%emt 0:00:13]} 4. Bd3 {[%emt 0:00:06]} Bd6 {[%emt 0:00:54]} 5. Qf3 {[%emt 0:02:11]} Nc6 {[%emt 0:04:41]} 6. c3 {[%emt 0:00:05]} Be6 {[%emt 0:03:30]} 7. Ne2 {[%emt 0:01:21]} Qd7 {[%emt 0:06:38]} 8. h3 {[%emt 0:02:23]} Nge7 {[%emt 0:03:42]} 9. Bf4 {[%emt 0:01:42]} O-O-O {[%emt 0:05:23]} 10. Bxd6 {[%emt 0:03:16]} Qxd6 {[%emt 0:00:23]} 11. Nd2 {[%emt 0:00:10]} f6 {[%emt 0:04:28]} 12. O-O-O {[%emt 0:02:54]} Bf7 {[%emt 0:04:04]} 13. Nf4 {[%emt 0:08:00]} Kb8 {[%emt 0:06:16]} 14. Nf1 {[%emt 0:10:36]} Ng6 {[%emt 0:05:24]} 15. Nxg6 {[%emt 0:06:06]} hxg6 {[%emt 0:01:15]} 16. Ne3 {[%emt 0:04:42]} Ne7 {[%emt 0:06:47]} 17. h4 {[%emt 0:09:56]} Rh6 {[%emt 0:03:02]} 18. g3 {[%emt 0:01:59]} Rdh8 {[%emt 0:01:04]} 19. Rhe1 {[%emt 0:00:09]} Rh5 {[%emt 0:04:39]} 20. Ng2 {[%emt 0:01:49]} Rd8 {[%emt 0:09:23]} 21. Rd2 {[%emt 0:03:32]} Rhh8 {[%emt 0:02:48]} 22. Rde2 {[%emt 0:00:20]} Rhe8 {[%emt 0:01:29]} 23. Nf4 {[%emt 0:02:45]} Nf5 {[%emt 0:05:04]} 24. Rxe8 {[%emt 0:02:56]} Bxe8 {[%emt 0:00:38]} 25. Ne6 {[%emt 0:01:44]} Qe7 {[%emt 0:02:18]} 26. Re2 {[%emt 0:00:37]} Rc8 {[%emt 0:03:10]} 27. Bxf5 {[%emt 0:15:59]} gxf5 {[%emt 0:00:04]} 28. Qxf5 {[%emt 0:00:07]} Bf7 {[%emt 0:06:29]} 29. Nf4 {[%emt 0:00:25]} Qd6 {[%emt 0:01:05]} 30. Qg4 {[%emt 0:02:41]} g6 {[%emt 0:02:39]} 31. Qf3 {[%emt 0:02:54]} g5 {[%emt 0:01:01]} 32. hxg5 {[%emt 0:00:10]} fxg5 {[%emt 0:00:07]} 33. Nh3 {[%emt 0:01:26]} Qg6 {[%emt 0:03:03]} 34. Qg4 {[%emt 0:00:06]} Rh8 {[%emt 0:00:50]} 35. f4 {[%emt 0:04:50]} Qd3 {[%emt 0:01:25]} 36. Nf2 {[%emt 0:02:23]} Qc4 {[%emt 0:00:49]} 37. a3 {[%emt 0:01:17]} a6 {[%emt 0:00:13]} 38. Re1 {[%emt 0:01:37]} gxf4 {[%emt 0:00:23]} 39. Qxf4 {[%emt 0:01:08]} Bg6 {[%emt 0:00:45]} 40. Qf6 {[%emt 0:00:45]} Rg8 {[%emt 0:00:39]} 41. Qf3 {[%emt 0:31:31]} Qa2 {[%emt 0:30:31]} 42. Nd3 {[%emt 0:01:18]} Be4 {[%emt 0:00:31]} 43. Qf7 {[%emt 0:00:36]} Rxg3 {[%emt 0:00:51]} 44. Qe8+ {[%emt 0:00:09]} Ka7 {[%emt 0:00:09]} 45. Rxe4 {[%emt 0:00:21]} dxe4 {[%emt 0:00:17]} 46. Qxe4 {[%emt 0:00:46]} Qa1+ {[%emt 0:00:27]} 47. Kc2 {[%emt 0:00:20]} Rg1 {[%emt 0:00:15]} 48. Kb3 {[%emt 0:00:43]} Qd1+ {[%emt 0:00:23]} 49. Kb4 {[%emt 0:00:35]} Qg4 {[%emt 0:01:28]} 50. Qe5 {[%emt 0:00:18]} Qd7 {[%emt 0:00:35]} 51. a4 {[%emt 0:00:33]} Qd6+ {[%emt 0:00:32]} 52. Qxd6 {[%emt 0:00:25]} cxd6 {[%emt 0:00:06]} 53. Kc4 {[%emt 0:00:17]} Rg5 {[%emt 0:00:27]} 54. b4 {[%emt 0:00:40]} Kb6 {[%emt 0:00:23]} 55. Nf4 {[%emt 0:00:18]} Kc6 {[%emt 0:00:49]} 56. d5+ {[%emt 0:00:29]} Kd7 {[%emt 0:00:26]} 57. Ne6 {[%emt 0:00:08]} Rg4+ {[%emt 0:00:29]} 58. Nd4 {[%emt 0:00:08]} Rh4 {[%emt 0:00:26]} 59. a5 {[%emt 0:00:19]} Ke7 {[%emt 0:00:44]} 60. Kb3 {[%emt 0:00:11]} Kf6 {[%emt 0:00:16]} 61. b5 {[%emt 0:00:11]} axb5 {[%emt 0:00:48]} 62. Nxb5 {[%emt 0:00:11]} Ke5 {[%emt 0:00:13]} 63. c4 {[%emt 0:00:07]} Rh1 {[%emt 0:00:47]} 64. Kc3 {[%emt 0:01:12]} Ra1 {[%emt 0:00:32]} 65. Kb4 {[%emt 0:00:07]} Rb1+ {[%emt 0:00:16]} 66. Ka4 {[%emt 0:00:31]} Ra1+ {[%emt 0:00:28]} 67. Kb4 1/2-1/2

[Event "FRA-ch Open A-D 2018"]
[Site "Nimes"]
[Date "2018.08.19"]
[Round "2"]
[White "Boes, Remi"]
[Black "Canonge, Jerome"]
[Result "1-0"]
[WhiteElo "1946"]
[BlackElo "1873"]
[Annotator "NA"]
[PlyCount "57"]
[EventDate "2018.08.18"]
[EventType "tourn"]
[EventCountry "FRA"]
[SourceTitle "playchess.com"]
[Source "ChessBase"]
[SourceQuality "1"]
[TimeControl "40/5400+30:1800+30"]

1. d4 {[%emt 0:00:00]} d5 {[%emt 0:00:00]} 2. Nf3 {[%emt 0:00:00]} Nc6 {[%emt 0:00:26]} 3. c4 {[%emt 0:01:04]} Bg4 {[%emt 0:05:04]} 4. Nc3 {[%emt 0:00:42]} Bxf3 {[%emt 0:01:33]} 5. gxf3 {[%emt 0:01:12]} e5 {[%emt 0:02:26]} 6. cxd5 {[%emt 0:01:33]} exd4 {[%emt 0:06:32]} 7. dxc6 {[%emt 0:01:09]} dxc3 {[%emt 0:00:33]} 8. Qb3 {[%emt 0:00:48]} bxc6 {[%emt 0:15:27]} 9. Qxc3 {[%emt 0:02:55]} Qf6 {[%emt 0:01:12]} 10. Qxf6 {[%emt 0:28:45]} Nxf6 {[%emt 0:01:49]} 11. e4 {[%emt 0:02:52]} Bb4+ {[%emt 0:01:20]} 12. Ke2 {[%emt 0:00:31]} O-O {[%emt 0:02:43]} 13. Rg1 {[%emt 0:07:36]} Rfe8 {[%emt 0:02:13]} 14. Be3 {[%emt 0:03:16]} Rad8 {[%emt 0:05:24]} 15. Rc1 {[%emt 0:01:03]} Rd6 {[%emt 0:02:33]} 16. Bh3 {[%emt 0:02:49]} Nh5 {[%emt 0:14:34]} 17. a3 {[%emt 0:12:38]} Ba5 {[%emt 0:10:33]} 18. Rc5 {[%emt 0:05:38]} Bb6 {[%emt 0:00:50]} 19. Rxh5 {[%emt 0:02:53]} Bxe3 {[%emt 0:00:54]} 20. Kxe3 {[%emt 0:01:03]} Red8 {[%emt 0:00:28]} 21. Bf1 {[%emt 0:05:35]} Rd2 {[%emt 0:01:23]} 22. b3 {[%emt 0:01:19]} Rd1 {[%emt 0:02:00]} 23. Rhg5 {[%emt 0:00:22]} g6 {[%emt 0:01:47]} 24. Bc4 {[%emt 0:00:51]} R1d2 {[%emt 0:01:11]} 25. h4 {[%emt 0:00:54]} Kg7 {[%emt 0:01:10]} 26. Rc5 {[%emt 0:02:33]} Rc2 {[%emt 0:01:07]} 27. Rxc6 {[%emt 0:02:19]} Rc3+ {[%emt 0:00:27]} 28. Kf4 {[%emt 0:01:10]} Rd2 {[%emt 0:00:56]} 29. Rg2 {[%emt 0:02:15]} 1-0

[Event "FRA-ch Open A-D 2018"]
[Site "Nimes"]
[Date "2018.08.19"]
[Round "2"]
[White "Grandmougin, Olivier"]
[Black "Vincensini, Emmanuel"]
[Result "1/2-1/2"]
[WhiteElo "1941"]
[BlackElo "1866"]
[Annotator "NA"]
[PlyCount "89"]
[EventDate "2018.08.18"]
[EventType "tourn"]
[EventCountry "FRA"]
[SourceTitle "playchess.com"]
[Source "ChessBase"]
[SourceQuality "1"]
[TimeControl "40/5400+30:1800+30"]

1. e4 {[%emt 0:01:19]} c6 {[%emt 0:00:00]} 2. d4 {[%emt 0:00:03]} d5 {[%emt 0:00:00]} 3. f3 {[%emt 0:00:02]} e5 {[%emt 0:01:00]} 4. dxe5 {[%emt 0:00:35]} Bc5 {[%emt 0:01:56]} 5. Bf4 {[%emt 0:08:19]} Qb6 {[%emt 0:01:41]} 6. Ne2 {[%emt 0:00:42]} Bf2+ {[%emt 0:03:59]} 7. Kd2 {[%emt 0:00:07]} Ne7 {[%emt 0:15:37]} 8. Kc3 {[%emt 0:00:32]} Na6 {[%emt 0:10:21]} 9. b3 {[%emt 0:02:16]} dxe4 {[%emt 0:07:37]} 10. Nd2 {[%emt 0:05:42]} Be6 {[%emt 0:30:32]} 11. Nxe4 {[%emt 0:05:53]} O-O {[%emt 0:02:03]} 12. Nxf2 {[%emt 0:01:14]} Qxf2 {[%emt 0:00:10]} 13. Bg3 {[%emt 0:00:12]} Qb6 {[%emt 0:00:18]} 14. Qd4 {[%emt 0:00:17]} c5 {[%emt 0:00:02]} 15. Qd6 {[%emt 0:00:39]} Nd5+ {[%emt 0:00:14]} 16. Kb2 {[%emt 0:00:04]} Qa5 {[%emt 0:00:11]} 17. Be1 {[%emt 0:00:57]} Qc7 {[%emt 0:03:02]} 18. Qxc7 {[%emt 0:06:33]} Naxc7 {[%emt 0:00:14]} 19. Bf2 {[%emt 0:01:03]} b6 {[%emt 0:01:40]} 20. Nc3 {[%emt 0:00:45]} Nxc3 {[%emt 0:00:09]} 21. Kxc3 {[%emt 0:00:03]} Rfd8 {[%emt 0:00:52]} 22. Bd3 {[%emt 0:00:25]} Nd5+ {[%emt 0:03:36]} 23. Kb2 {[%emt 0:07:57]} Nb4 {[%emt 0:00:24]} 24. Rad1 {[%emt 0:02:57]} Nxd3+ {[%emt 0:00:24]} 25. Rxd3 {[%emt 0:00:30]} c4 {[%emt 0:00:27]} 26. Rd6 {[%emt 0:00:13]} Rxd6 {[%emt 0:01:30]} 27. exd6 {[%emt 0:00:10]} Rd8 {[%emt 0:00:08]} 28. Rd1 {[%emt 0:01:19]} Kf8 {[%emt 0:01:15]} 29. Kc3 {[%emt 0:00:57]} Ke8 {[%emt 0:00:24]} 30. b4 {[%emt 0:03:57]} b5 {[%emt 0:02:45]} 31. Bg3 {[%emt 0:01:02]} Ra8 {[%emt 0:00:51]} 32. Kd4 {[%emt 0:01:03]} Rc8 {[%emt 0:00:59]} 33. c3 {[%emt 0:00:25]} Kd7 {[%emt 0:00:05]} 34. a4 {[%emt 0:00:19]} bxa4 {[%emt 0:00:32]} 35. Ra1 {[%emt 0:00:09]} a6 {[%emt 0:00:16]} 36. Rxa4 {[%emt 0:00:13]} Rc6 {[%emt 0:00:01]} 37. Ra5 {[%emt 0:01:12]} Rb6 {[%emt 0:03:44]} 38. Rg5 {[%emt 0:04:07]} g6 {[%emt 0:00:21]} 39. Rc5 {[%emt 0:01:03]} Rc6 {[%emt 0:02:02]} 40. Be5 {[%emt 0:01:24]} h5 {[%emt 0:00:25]} 41. h4 {[%emt 0:30:54]} f5 {[%emt 0:25:16]} 42. Bf4 {[%emt 0:00:00]} Bf7 {[%emt 0:00:33]} 43. Ke5 {[%emt 0:00:00]} Rxd6 {[%emt 0:01:15]} 44. Ra5 {[%emt 0:00:00]} Rc6 {[%emt 0:00:40]} 45. Kd4 1/2-1/2